Oceňovanie peňažných prostriedkov v cudzej mene bakalárska práca

Saved in:
Bibliographic Details
Main Author: Týmová, Tatiana
Corporate Author: Fakulta hospodárskej informatiky EU. Katedra účtovníctva a audítorstva
Other Authors: Parajka, Branislav, 1981-
Format: Book
Language:Slovak
Published: Bratislava 2010
Tags: Add Tag
No Tags, Be the first to tag this record!

MARC

LEADER 00000nam$a2200000$$$4500
001 0137215
005 20240320072818.1
041 0 |a slo 
044 |a SK 
245 1 0 |a Oceňovanie peňažných prostriedkov v cudzej mene  |b bakalárska práca  |c Tatiana Týmová ; školiteľ: Branislav Parajka 
264 1 |a Bratislava  |c 2010 
300 |a 39 s. 
100 1 |a Týmová, Tatiana 
700 1 |a Parajka, Branislav, 1981- 
710 2 |a Fakulta hospodárskej informatiky EU. Katedra účtovníctva a audítorstva